000 01169nam a2200301Ia 4500
001 ebr10685290
003 CaPaEBR
006 m u
007 cr cn|||||||||
008 130424s2013 enk sb 001 0 eng d
020 _z9781780323367
020 _z9781780323374 (ebook)
040 _aCaPaEBR
_cCaPaEBR
035 _a(OCoLC)846993808
050 1 4 _aJC574
_b.W67 2013eb
082 0 4 _a330.12/2
_223
100 1 _aWorth, Owen,
_d1974-
245 1 0 _aResistance in the age of austerity
_h[electronic resource] :
_bnationalism, the failure of the left and the return of God /
_cOwen Worth.
260 _aLondon ;
_aNew York :
_bZed Books,
_c2013.
300 _a170 p.
504 _aIncludes bibliographical references and index.
533 _aElectronic reproduction.
_bPalo Alto, Calif. :
_cebrary,
_d2013.
_nAvailable via World Wide Web.
_nAccess may be limited to ebrary affiliated libraries.
650 0 _aNeoliberalism.
650 0 _aNationalism.
655 7 _aElectronic books.
_2local
710 2 _aebrary, Inc.
856 4 0 _uhttp://site.ebrary.com/lib/rucke/Doc?id=10685290
_zAn electronic book accessible through the World Wide Web; click to view
999 _c12959
_d12959